[Event "IND-ch U13 Girls 37th"]
[Site "Durgapur"]
[Date "2024.12.18"]
[Round "2"]
[White "Sarkar, Aayusree"]
[Black "Hanya, Shah"]
[Result "0-1"]
[WhiteElo "1626"]
[BlackElo "1881"]
[PlyCount "68"]
[EventDate "2024.12.17"]
[EventType "swiss"]
[EventRounds "11"]
[EventCountry "IND"]
[SourceTitle "CB04_2025"]
[SourceDate "2025.01.22"]
[SourceVersion "1"]
[SourceVersionDate "2025.01.22"]
[SourceQuality "1"]

1. e4 Nf6 2. e5 Nd5 3. d4 d6 4. c4 Nb6 5. f4 dxe5 6. fxe5 Nc6 7. Be3 Bf5 8. Nc3 e6 9. Be2 Be7 10. Nf3 0-0 11. 0-0 f6 12. exf6 Bxf6 13. Qd2 Qd7 14. Rad1 Rad8 15. Qc1 Qc8 16. b3 a6 17. Rd2 Rd7 18. d5 exd5 19. Bxb6 cxb6 20. Nxd5 Bd8 21. Qd1 Rdf7 22. Nd4 Nxd4 23. Rxd4 a5 24. Bf3 Kh8 25. Kh1 Bg4 26. Rd3 Qe6 27. Re3 Qh6 28. Ree1 Be6 29. Qe2 Bxd5 30. Bxd5 Bc7 31. g3 Rf6 32. Rxf6 Qxf6 33. Qe7 Qf2 34. Bf7 Rxf7 0-1

[Event "IND-ch U13 Girls 37th"]
[Site "Durgapur"]
[Date "2024.12.17"]
[Round "1"]
[White "Hanya, Shah"]
[Black "Genessa, Deysarkar"]
[Result "1-0"]
[WhiteElo "1881"]
[BlackElo "1500"]
[PlyCount "73"]
[EventDate "2024.12.17"]
[EventType "swiss"]
[EventRounds "11"]
[EventCountry "IND"]
[SourceTitle "CB04_2025"]
[SourceDate "2025.01.22"]
[SourceVersion "1"]
[SourceVersionDate "2025.01.22"]
[SourceQuality "1"]

1. c4 Nf6 2. Nc3 e6 3. Nf3 d5 4. e3 a6 5. b3 Bd6 6. Bb2 c6 7. d4 Nbd7 8. Bd3 b5 9. c5 Bc7 10. b4 e5 11. e4 0-0 12. 0-0 Re8 13. Re1 exd4 14. Nxd4 Ne5 15. exd5 cxd5 16. h3 Nxd3 17. Qxd3 Be6 18. Re2 Qd7 19. Rae1 Ne4 20. Nxe4 dxe4 21. Qxe4 g6 22. Nxe6 fxe6 23. Kh1 e5 24. Qb7 Reb8 25. Qf3 Rf8 26. Qb3+ Qf7 27. Kg1 Qxb3 28. axb3 a5 29. bxa5 Bxa5 30. Ra1 Bb4 31. c6 Rxa1+ 32. Bxa1 Rd8 33. Bxe5 Rd1+ 34. Kh2 Rc1 35. c7 Ba5 36. Ra2 Bxc7 37. Ra8+ 1-0

[Event "Wch U12 Girls"]
[Site "Montesilvano"]
[Date "2024.11.25"]
[Round "10"]
[White "Pratitee, Bordoloi"]
[Black "Hanya, Shah"]
[Result "1/2-1/2"]
[WhiteElo "1929"]
[BlackElo "1888"]
[PlyCount "115"]
[EventDate "2024.11.15"]
[EventType "swiss"]
[EventRounds "11"]
[EventCountry "ITA"]
[SourceTitle "CB48_2024"]
[SourceDate "2024.11.28"]
[SourceVersion "1"]
[SourceVersionDate "2024.11.28"]
[SourceQuality "1"]

1. e4 c6 2. d4 d5 3. exd5 cxd5 4. c4 e6 5. Nc3 Nf6 6. Nf3 Bb4 7. Bd3 dxc4 8. Bxc4 0-0 9. 0-0 b6 10. a3 Bxc3 11. bxc3 Bb7 12. Bg5 Nbd7 13. Ba2 Qc7 14. c4 Qd6 15. Qd3 Rfe8 16. Bxf6 Nxf6 17. Ne5 Rad8 18. Rad1 Nd7 19. f4 f5 20. Qh3 Nxe5 21. fxe5 Qe7 22. Qg3 Rd7 23. Rd2 Red8 24. Rfd1 Kh8 25. Qe3 Be4 26. Bb1 Bxb1 27. Rxb1 Rc7 28. Qd3 Rdc8 29. Rc1 b5 30. c5 a6 31. Ra1 Rd8 32. Qe3 Qd7 33. Rad1 Qd5 34. Qf3 Qc4 35. h3 a5 36. Kh2 h6 37. Qe3 Rd5 38. Rd3 b4 39. axb4 axb4 40. Rc1 Qb5 41. Rb3 Rcd7 42. c6 Rc7 43. Rcb1 Qxc6 44. Rxb4 Qd7 45. R1b2 Kh7 46. Rd2 Rb7 47. Rxb7 Qxb7 48. Qd3 Kg8 49. Rc2 Qd7 50. Rd2 Qa4 51. Qc3 Qd7 52. Qd3 Qe7 53. Qc3 Qd7 54. Qd3 Qd8 55. Qa6 Qd7 56. Qd3 Qf7 57. Qc3 Qd7 58. Qd3 1/2-1/2

[Event "Wch U12 Girls"]
[Site "Montesilvano"]
[Date "2024.11.23"]
[Round "8"]
[White "Zavivaeva, Kristina"]
[Black "Hanya, Shah"]
[Result "0-1"]
[WhiteElo "1775"]
[BlackElo "1888"]
[PlyCount "94"]
[EventDate "2024.11.15"]
[EventType "swiss"]
[EventRounds "11"]
[EventCountry "ITA"]
[SourceTitle "CB48_2024"]
[SourceDate "2024.11.28"]
[SourceVersion "1"]
[SourceVersionDate "2024.11.28"]
[SourceQuality "1"]

1. Nf3 d5 2. g3 c6 3. Bg2 Bg4 4. b3 Nf6 5. c4 e6 6. Bb2 Nbd7 7. 0-0 Bd6 8. d3 0-0 9. Nc3 Re8 10. h3 Bh5 11. Rc1 Rc8 12. e3 a6 13. Qe2 b5 14. Rfd1 Qe7 15. e4 d4 16. Nb1 Bxf3 17. Qxf3 e5 18. g4 h6 19. Qg3 Nh7 20. Nd2 Ndf8 21. Rc2 Ng6 22. Rdc1 b4 23. c5 Bc7 24. Nf3 Ng5 25. Bf1 Qf6 26. Nd2 Rb8 27. Nc4 Rec8 28. Bg2 Rb5 29. Nd2 Nf4 30. Kf1 Bd8 31. a3 bxa3 32. Bxa3 a5 33. Rb1 Rcb8 34. Rcb2 Nge6 35. b4 axb4 36. Rxb4 Rxb4 37. Rxb4 Rxb4 38. Bxb4 Qe7 39. Nc4 Qa7 40. Ba3 Qa4 41. Bf3 Qb3 42. Kg1 Qxd3 43. Nxe5 Qxa3 44. Nxc6 Bh4 45. Qxh4 Qxf3 46. Ne7+ Kh7 47. Qg3 Ne2+ 0-1

[Event "Wch U12 Girls"]
[Site "Montesilvano"]
[Date "2024.11.20"]
[Round "6"]
[White "Illes Nagy, Nora"]
[Black "Hanya, Shah"]
[Result "1/2-1/2"]
[WhiteElo "1803"]
[BlackElo "1888"]
[PlyCount "105"]
[EventDate "2024.11.15"]
[EventType "swiss"]
[EventRounds "11"]
[EventCountry "ITA"]
[SourceTitle "CB48_2024"]
[SourceDate "2024.11.28"]
[SourceVersion "1"]
[SourceVersionDate "2024.11.28"]
[SourceQuality "1"]

1. d4 Nf6 2. c3 e6 3. Bg5 d5 4. e3 b6 5. Nf3 Bb7 6. Nbd2 Be7 7. Bd3 Nbd7 8. 0-0 Ne4 9. Bxe7 Qxe7 10. Qc2 f5 11. Ne5 0-0 12. Ndf3 Rf6 13. Nxd7 Qxd7 14. Ne5 Qe7 15. f3 Nd6 16. Rae1 c5 17. Qf2 Rh6 18. Qg3 Rf8 19. f4 a5 20. Rf3 c4 21. Bc2 b5 22. Qf2 b4 23. Qd2 Ne4 24. Bxe4 fxe4 25. Rff1 Ba8 26. g3 Rb8 27. Rb1 Rf6 28. Rfc1 Rff8 29. b3 Rfc8 30. bxc4 dxc4 31. cxb4 Rxb4 32. Rxb4 Qxb4 33. Qxb4 axb4 34. Rxc4 Rxc4 35. Nxc4 Bd5 36. Nb2 Bxa2 37. Kf2 Kf7 38. Ke2 Bb3 39. Nd1 Kf6 40. Nf2 Bd5 41. Kd2 h5 42. h3 g5 43. Kc2 gxf4 44. gxf4 h4 45. Kb2 Kf5 46. Kc2 Bc4 47. Kb2 Bd5 48. Kc2 Bc4 49. Kb2 Bd5 50. Kc2 Bc4 51. Kb2 Bd5 52. Kc2 Bc4 53. Kb2 1/2-1/2

[Event "Wch U12 Girls"]
[Site "Montesilvano"]
[Date "2024.11.19"]
[Round "5"]
[White "Hanya, Shah"]
[Black "Zavivaeva, Angelina"]
[Result "1-0"]
[WhiteElo "1888"]
[BlackElo "1499"]
[PlyCount "108"]
[EventDate "2024.11.15"]
[EventType "swiss"]
[EventRounds "11"]
[EventCountry "ITA"]
[SourceTitle "CB48_2024"]
[SourceDate "2024.11.28"]
[SourceVersion "1"]
[SourceVersionDate "2024.11.28"]
[SourceQuality "1"]

1. c4 c6 2. Nc3 d5 3. e3 Nf6 4. Nf3 e6 5. Qc2 Bd6 6. d4 Nbd7 7. g4 dxc4 8. Bxc4 Nxg4 9. Rg1 Nxh2 10. Nxh2 Bxh2 11. Rxg7 Qh4 12. Bd2 Qh6 13. Rg2 b5 14. Bd3 Bb7 15. 0-0-0 Qh3 16. Be4 f5 17. Rh1 fxe4 18. Rhxh2 Qf3 19. Rg3 Qf7 20. Nxe4 Qe7 21. a3 a5 22. f3 b4 23. a4 0-0-0 24. Rhg2 Qh4 25. Nd6+ Kc7 26. Nf7 Rhf8 27. Nxd8 Kxd8 28. e4 Kc7 29. f4 Qf6 30. Be3 h5 31. d5 exd5 32. exd5 Qd6 33. Rd2 Kb8 34. Rg6 Rf6 35. Rxf6 Qxf6 36. dxc6 Bxc6 37. Qd3 Bxa4 38. Qd6+ Qxd6 39. Rxd6 Kc7 40. Rh6 Bb3 41. Rxh5 a4 42. Bc5 Nxc5 43. Rxc5+ Kb6 44. Rh5 a3 45. bxa3 bxa3 46. Rh3 Bf7 47. Rxa3 Kc5 48. Kd2 Kd5 49. Ke3 Bg6 50. Ra5+ Ke6 51. Kd4 Kf6 52. Ra6+ Kf5 53. Rxg6 Kxg6 54. Ke5 Kf7 1-0

[Event "Wch U12 Girls"]
[Site "Montesilvano"]
[Date "2024.11.18"]
[Round "4"]
[White "Alcantara, Levanah"]
[Black "Hanya, Shah"]
[Result "0-1"]
[WhiteElo "1753"]
[BlackElo "1888"]
[PlyCount "62"]
[EventDate "2024.11.15"]
[EventType "swiss"]
[EventRounds "11"]
[EventCountry "ITA"]
[SourceTitle "CB48_2024"]
[SourceDate "2024.11.28"]
[SourceVersion "1"]
[SourceVersionDate "2024.11.28"]
[SourceQuality "1"]

1. d4 Nf6 2. Bg5 e6 3. e4 h6 4. Bxf6 Qxf6 5. Nf3 d5 6. e5 Qd8 7. Bd3 c5 8. c3 Qb6 9. Qd2 c4 10. Be2 Be7 11. 0-0 0-0 12. Kh1 Nd7 13. g4 f6 14. exf6 Nxf6 15. Ne5 Ne4 16. Qc2 Rxf2 17. Rxf2 Nxf2+ 18. Kg2 Bd6 19. Ng6 Ne4 20. Nd2 Bd7 21. Rf1 Be8 22. Nf4 Bxf4 23. Rxf4 Bg6 24. Qc1 e5 25. Rf1 exd4 26. Nxe4 Bxe4+ 27. Bf3 d3 28. Qd2 Re8 29. Re1 Qe6 30. Kf1 Rf8 31. Qe3 Qxg4 0-1

[Event "Wch U12 Girls"]
[Site "Montesilvano"]
[Date "2024.11.17"]
[Round "3"]
[White "Hanya, Shah"]
[Black "Baruch, Amit"]
[Result "0-1"]
[WhiteElo "1888"]
[BlackElo "1747"]
[PlyCount "110"]
[EventDate "2024.11.15"]
[EventType "swiss"]
[EventRounds "11"]
[EventCountry "ITA"]
[SourceTitle "CB48_2024"]
[SourceDate "2024.11.28"]
[SourceVersion "1"]
[SourceVersionDate "2024.11.28"]
[SourceQuality "1"]

1. c4 Nf6 2. Nc3 e6 3. Nf3 b6 4. e3 Bb7 5. d4 Bb4 6. Be2 0-0 7. 0-0 Bxc3 8. bxc3 d6 9. Nd2 Nbd7 10. Bd3 e5 11. e4 Re8 12. Re1 h6 13. Qc2 Nh7 14. Nf1 Qf6 15. Be3 Nhf8 16. f3 Ne6 17. Qf2 Ba6 18. Nd2 Ndf8 19. Bf1 Ng6 20. Rad1 Nef4 21. g3 Ne6 22. Nb1 Red8 23. Na3 Qe7 24. Nc2 Qe8 25. Nb4 Bb7 26. Nd3 Qa4 27. d5 Nef8 28. f4 exf4 29. Nxf4 Ne5 30. Rb1 Rab8 31. Bd4 Re8 32. Bxe5 Rxe5 33. Bd3 a5 34. Rf1 Re7 35. Ng2 Bc8 36. Nf4 Nd7 37. Qd4 Ne5 38. Be2 Ba6 39. Ng2 Qxa2 40. Rfe1 Bxc4 41. Ra1 Qxe2 42. Rxe2 Nf3+ 43. Kf2 Nxd4 44. cxd4 Bxe2 45. Kxe2 Rxe4+ 46. Kd3 Rbe8 47. Nf4 Re3+ 48. Kd2 Rb3 49. Rc1 Re7 50. Rc2 a4 51. Ra2 a3 52. Nd3 Rb5 53. Rxa3 Rxd5 54. Ra4 c5 55. dxc5 dxc5 0-1

[Event "SRI-ch Dini"]
[Site "Colombo"]
[Date "2024.07.31"]
[Round "4"]
[White "Hanya, Shah"]
[Black "Weerasekara, Dishal Nimsara"]
[Result "0-1"]
[WhiteElo "1724"]
[BlackElo "2014"]
[PlyCount "66"]
[EventDate "2024.07.29"]
[EventType "swiss"]
[EventRounds "10"]
[EventCountry "SRI"]
[SourceTitle "CBM 221 Extra"]
[Source "ChessBase"]
[SourceDate "2024.09.30"]
[SourceVersion "1"]
[SourceVersionDate "2024.09.30"]
[SourceQuality "1"]

1. c4 b6 2. Nc3 Bb7 3. Nf3 e6 4. d4 Bb4 5. e3 Nf6 6. Bd3 Bxc3+ 7. bxc3 Ne4 8. Bb2 f5 9. 0-0 0-0 10. Be2 d6 11. d5 e5 12. Nd2 Nc5 13. Ba3 Nbd7 14. f4 Qe7 15. Rf3 Rae8 16. Bf1 Qf6 17. Rh3 Qe7 18. Rc1 Nf6 19. Bxc5 dxc5 20. Bd3 Bc8 21. Nf1 Ng4 22. Bc2 exf4 23. Ba4 fxe3 24. d6 cxd6 25. Bxe8 e2 26. Qe1 exf1R+ 27. Qxf1 Rxe8 28. Rd3 Qe5 29. g3 Bb7 30. h3 Qe4 31. hxg4 Qh1+ 32. Kf2 Qh2+ 33. Qg2 Qxg2# 0-1

[Event "IND-ch U15 Girls 39th"]
[Site "Jalgaon"]
[Date "2023.12.31"]
[Round "7"]
[White "Akshaya, Sathi"]
[Black "Hanya, Shah"]
[Result "1-0"]
[WhiteElo "1542"]
[BlackElo "1429"]
[PlyCount "125"]
[EventDate "2023.12.27"]
[EventType "swiss"]
[EventRounds "11"]
[EventCountry "IND"]
[SourceTitle "CBM 218 Extra"]
[Source "ChessBase"]
[SourceDate "2024.03.31"]
[SourceVersion "1"]
[SourceVersionDate "2024.03.31"]
[SourceQuality "1"]

1. e4 Nf6 2. e5 Nd5 3. d4 d6 4. Nf3 dxe5 5. Nxe5 g6 6. Bc4 c6 7. 0-0 Bg7 8. Re1 0-0 9. c3 Nd7 10. Nf3 N7b6 11. Bb3 Bg4 12. Nbd2 a5 13. a4 Qc7 14. h3 Bxf3 15. Nxf3 Rad8 16. Qc2 c5 17. dxc5 Qxc5 18. Bg5 Rfe8 19. Rad1 Rc8 20. Qe4 e6 21. Qh4 Qf8 22. Nh2 h6 23. Bc1 Ne7 24. Qe4 Ned5 25. Nf3 Kh7 26. Ne5 Rc5 27. Nd3 Rc6 28. Nf4 f5 29. Qf3 Nxf4 30. Bxf4 e5 31. Be3 e4 32. Qe2 f4 33. Bd4 Bf6 34. Qb5 Bxd4 35. Rxd4 e3 36. Qxa5 Qe7 37. c4 Qh4 38. Re2 Qf6 39. Qc3 Qg5 40. Kf1 Qf5 41. a5 Nd7 42. Bc2 Qf7 43. Ba4 Rc7 44. Bxd7 Rxd7 45. Rxd7 Qxd7 46. fxe3 f3 47. Rd2 Qf5 48. g4 Qe6 49. Kf2 h5 50. Qd4 Re7 51. Rd1 Rf7 52. Rg1 Rd7 53. Qc3 Qe4 54. gxh5 Rd3 55. hxg6+ Kg8 56. Qc1 Kg7 57. Rg4 Qe6 58. Kxf3 Qc6+ 59. Ke2 Rd6 60. Qc3+ Kg8 61. Qe5 Qd7 62. Rd4 Rxd4 63. exd4 1-0

[Event "IND-ch U15 Girls 39th"]
[Site "Jalgaon"]
[Date "2023.12.28"]
[Round "2"]
[White "Hanya, Shah"]
[Black "Rajanya, Datta"]
[Result "0-1"]
[WhiteElo "1429"]
[BlackElo "1688"]
[PlyCount "86"]
[EventDate "2023.12.27"]
[EventType "swiss"]
[EventRounds "11"]
[EventCountry "IND"]
[SourceTitle "CBM 218 Extra"]
[Source "ChessBase"]
[SourceDate "2024.03.31"]
[SourceVersion "1"]
[SourceVersionDate "2024.03.31"]
[SourceQuality "1"]

1. c4 e6 2. Nc3 d5 3. e3 c6 4. Nf3 Nf6 5. Qc2 Be7 6. d4 0-0 7. Bd3 Nbd7 8. 0-0 b6 9. e4 dxe4 10. Nxe4 Bb7 11. Rd1 Qc7 12. b3 Nxe4 13. Bxe4 Nf6 14. Bb2 h6 15. Rac1 Qf4 16. Bd3 Rfd8 17. Be2 Qc7 18. h3 Bd6 19. d5 cxd5 20. Bxf6 gxf6 21. Qb2 Be5 22. Nxe5 Qxe5 23. Qd2 dxc4 24. Qxd8+ Rxd8 25. Rxd8+ Kg7 26. Bf1 cxb3 27. axb3 Qb2 28. Rc7 Be4 29. Rdd7 Bg6 30. Rxa7 Qxb3 31. Rab7 Qb4 32. Rdc7 Qb1 33. Rd7 Qb4 34. Rdc7 Qe1 35. Rd7 Be4 36. Rxf7+ Kg6 37. Rbd7 Bd5 38. g4 Kg5 39. Rc7 Qe4 40. Kh2 Qh1+ 41. Kg3 Qf3+ 42. Kh2 Qxf2+ 43. Bg2 Qxg2# 0-1

[Event "IND-ch U11 Girls"]
[Site "Visakhapatnam"]
[Date "2023.10.06"]
[Round "10"]
[White "Hanya, Shah"]
[Black "Diya, Digamber Sawal"]
[Result "1-0"]
[WhiteElo "1431"]
[BlackElo "1104"]
[PlyCount "83"]
[EventDate "2023.10.01"]
[EventType "swiss"]
[EventRounds "11"]
[EventCountry "IND"]
[SourceTitle "EXT 2025"]
[Source "ChessBase"]
[SourceDate "2024.10.14"]
[SourceVersion "1"]
[SourceVersionDate "2024.10.14"]
[SourceQuality "1"]

1. c4 e5 2. Nc3 Nf6 3. Nf3 Nc6 4. e3 d5 5. cxd5 Nxd5 6. Be2 Nxc3 7. bxc3 Be7 8. 0-0 0-0 9. e4 Kh8 10. d4 f5 11. exf5 exd4 12. cxd4 Bxf5 13. Bb2 Bf6 14. Qb3 Qd7 15. Rad1 a5 16. Ne5 Bxe5 17. dxe5 Qe8 18. f4 Nb4 19. Rd2 Qg6 20. a3 Be6 21. Bc4 Bxc4 22. Qxc4 Nc6 23. Qc3 Rae8 24. Rd3 Qf7 25. Re3 Qe6 26. Rg3 Rf5 27. Qf3 Ref8 28. Qg4 R8f7 29. Rd1 a4 30. Rgd3 Rf8 31. Rd7 Ne7 32. Bd4 Ng6 33. Bc5 Re8 34. Rd8 Rg8 35. Qh3 Nxf4 36. Rxg8+ Kxg8 37. Rd8+ Kf7 38. Rf8+ Kg6 39. Qg4+ Kh6 40. Rxf5 Ne2+ 41. Kf2 g6 42. Bf8# 1-0

[Event "IND-ch U11 Girls"]
[Site "Visakhapatnam"]
[Date "2023.10.03"]
[Round "5"]
[White "Waghle, Bhumika"]
[Black "Hanya, Shah"]
[Result "0-1"]
[WhiteElo "1326"]
[BlackElo "1431"]
[PlyCount "150"]
[EventDate "2023.10.01"]
[EventType "swiss"]
[EventRounds "11"]
[EventCountry "IND"]
[SourceTitle "EXT 2025"]
[Source "ChessBase"]
[SourceDate "2024.10.14"]
[SourceVersion "1"]
[SourceVersionDate "2024.10.14"]
[SourceQuality "1"]

1. e4 Nf6 2. e5 Nd5 3. d4 d6 4. c4 Nb6 5. f4 dxe5 6. fxe5 g6 7. Be3 Bg7 8. Nc3 0-0 9. h3 c5 10. d5 Bxe5 11. Qd2 Na6 12. Nf3 Bg7 13. Be2 e6 14. Bh6 e5 15. 0-0 Re8 16. Bxg7 Kxg7 17. Nd1 f5 18. a3 Qd6 19. Rb1 f4 20. b4 e4 21. Nh2 f3 22. gxf3 Bxh3 23. Rf2 Qg3+ 24. Kh1 e3 25. Qc3+ Kg8 26. Nf1 Bxf1 27. Rxf1 Re5 28. f4 Re4 29. Qe1 Qxe1 30. Rxe1 Rae8 31. b5 Nb8 32. Nb2 Rxf4 33. Rf1 Rh4+ 34. Kg2 N8d7 35. Kg3 Rhe4 36. a4 Ne5 37. Rbc1 Nc8 38. Rf4 Rxf4 39. Kxf4 h6 40. Re1 Nd6 41. a5 g5+ 42. Kg3 Nf5+ 43. Kh3 Kg7 44. Bg4 Nxg4 45. Kxg4 Kg6 46. Kf3 e2 47. Kf2 Nd4 48. Na4 g4 49. Nc3 g3+ 50. Kg2 Re3 51. Nxe2 Rxe2+ 52. Rxe2 Nxe2 53. Kf3 Nd4+ 54. Kxg3 Kg5 55. a6 bxa6 56. bxa6 h5 57. Kh3 h4 58. d6 Ne6 59. d7 Kh5 60. d8Q Nxd8 61. Kg2 Kg4 62. Kh2 h3 63. Kg1 Nc6 64. Kh2 Ne5 65. Kg1 Nxc4 66. Kh1 Nd2 67. Kh2 c4 68. Kh1 c3 69. Kg1 Ne4 70. Kh1 c2 71. Kh2 Kh4 72. Kg1 c1R+ 73. Kh2 Rc2+ 74. Kg1 Kg3 75. Kh1 Rc1# 0-1

[Event "Wch U10 Girls"]
[Site "Batumi"]
[Date "2022.09.26"]
[Round "10"]
[White "Hanya, Shah"]
[Black "Mirzakhani, Bahar"]
[Result "1-0"]
[WhiteElo "1336"]
[BlackElo "1461"]
[PlyCount "119"]
[EventDate "2022.09.16"]
[EventType "swiss"]
[EventRounds "11"]
[EventCountry "GEO"]
[SourceTitle "EXT 2023"]
[Source "ChessBase"]
[SourceDate "2022.10.05"]
[SourceVersion "1"]
[SourceVersionDate "2022.10.05"]
[SourceQuality "1"]

1. d4 Nf6 2. Bf4 g6 3. Nc3 d5 4. Qd2 Bg7 5. h4 c5 6. e3 c4 7. Be2 h5 8. Nf3 a6 9. a4 b6 10. Ne5 Bb7 11. e4 e6 12. Bg5 Qc7 13. exd5 Nxd5 14. Nxd5 Bxd5 15. Bf4 Qb7 16. f3 b5 17. 0-0 0-0 18. axb5 axb5 19. Rxa8 Qxa8 20. Qb4 Nc6 21. Qd2 Qa7 22. Nxc6 Bxc6 23. Be3 Qb7 24. Rb1 Bd5 25. Bh6 Bxh6 26. Qxh6 b4 27. Qd2 Qa7 28. Rd1 Rb8 29. Kh1 Qc7 30. Qg5 c3 31. b3 Ra8 32. f4 Ra2 33. Bd3 Kg7 34. Rf1 f5 35. Re1 Qf7 36. Qd8 Ra8 37. Qd6 Qb7 38. Qe5+ Kf7 39. Kh2 Ra2 40. Qh8 Qe7 41. Kh3 Qf6 42. Qxf6+ Kxf6 43. Kg3 Ra7 44. Kf2 Rd7 45. g3 Ra7 46. Ke3 Ke7 47. Rb1 Kd6 48. Re1 Ra2 49. Rc1 Bb7 50. Re1 Ba6 51. Rc1 Bxd3 52. Kxd3 Kd5 53. Re1 Ra8 54. Re5+ Kd6 55. Kc4 Rb8 56. Ra5 Kc6 57. Ra4 Kd6 58. Rxb4 Rc8+ 59. Kd3 Kd5 60. Rc4 1-0

[Event "Wch U10 Girls"]
[Site "Batumi"]
[Date "2022.09.21"]
[Round "6"]
[White "Hanya, Shah"]
[Black "Aadya, Ranganath"]
[Result "1/2-1/2"]
[WhiteElo "1336"]
[BlackElo "1184"]
[PlyCount "206"]
[EventDate "2022.09.16"]
[EventType "swiss"]
[EventRounds "11"]
[EventCountry "GEO"]
[SourceTitle "EXT 2023"]
[Source "ChessBase"]
[SourceDate "2022.10.05"]
[SourceVersion "1"]
[SourceVersionDate "2022.10.05"]
[SourceQuality "1"]

1. d4 Nf6 2. Bf4 g6 3. Nc3 d5 4. Qd2 Bg7 5. Bh6 0-0 6. 0-0-0 a5 7. h4 Bf5 8. f3 Na6 9. g4 Bxg4 10. fxg4 Nxg4 11. Bxg7 Kxg7 12. Qf4 h5 13. e3 Qd6 14. Nh3 Qxf4 15. exf4 c6 16. Be2 Ne3 17. Rd2 Nc4 18. Bxc4 dxc4 19. d5 Nb4 20. dxc6 Nxc6 21. Rd7 Rab8 22. Nd5 Rfd8 23. Rxd8 Rxd8 24. Nb6 Rd4 25. c3 Re4 26. Kd2 e5 27. Re1 Rxe1 28. Kxe1 exf4 29. Nxf4 Ne5 30. Kf2 Kf6 31. Nfd5+ Ke6 32. Ne3 Nd3+ 33. Kf3 Nxb2 34. Kf4 Nd3+ 35. Kf3 Nc1 36. a3 Nb3 37. Nexc4 Kf6 38. Kf4 Nc1 39. Ke4 Nb3 40. Nd6 Nd2+ 41. Kf4 Nb1 42. c4 Nxa3 43. Nxb7 a4 44. c5 Nb5 45. Nxa4 Ke6 46. Kg5 Nc7 47. Nb6 Ke5 48. Nd7+ Ke6 49. c6 Nd5 50. Ndc5+ Ke5 51. Nd3+ Ke6 52. Ndc5+ Ke5 53. Na6 f6+ 54. Kxg6 Ne7+ 55. Kxh5 Nxc6 56. Kg6 Ne7+ 57. Kf7 Nf5 58. h5 Kf4 59. Nac5 Kg5 60. Ne4+ Kxh5 61. Kxf6 Nd6 62. Nbxd6 Kh4 63. Kf5 Kh3 64. Nc4 Kg2 65. Kf4 Kh3 66. Ne3 Kh4 67. Nf5+ Kh5 68. Ne7 Kh6 69. Kf5 Kh5 70. Ng6 Kh6 71. Kf6 Kh5 72. Nf2 Kh6 73. Nf4 Kh7 74. Kf7 Kh6 75. N2h3 Kh7 76. Nf2 Kh6 77. Kf6 Kh7 78. Ng4 Kg8 79. Ne6 Kh7 80. Kf7 Kh8 81. Kg6 Kg8 82. Ne3 Kh8 83. Nd5 Kg8 84. Ndf4 Kh8 85. Nh5 Kg8 86. Nf6+ Kh8 87. Nd7 Kg8 88. Ng5 Kh8 89. Ne4 Kg8 90. Nd6 Kh8 91. Nb7 Kg8 92. Nbc5 Kh8 93. Ne6 Kg8 94. Nf6+ Kh8 95. Nd5 Kg8 96. Ne7+ Kh8 97. Nf5 Kg8 98. Nh6+ Kh8 99. Ng4 Kg8 100. Ne3 Kh8 101. Nd5 Kg8 102. Ndc7 Kh8 103. Ne8 Kg8 1/2-1/2

[Event "IND-ch U10 Girls"]
[Site "Jammu"]
[Date "2022.04.28"]
[Round "5"]
[White "Hanya, Shah"]
[Black "Anaya, Agarwal"]
[Result "1-0"]
[WhiteElo "1149"]
[BlackElo "1171"]
[PlyCount "117"]
[EventDate "2022.04.26"]
[EventType "swiss"]
[EventRounds "11"]
[EventCountry "IND"]
[SourceTitle "EXT 2023"]
[Source "ChessBase"]
[SourceDate "2022.10.05"]
[SourceVersion "1"]
[SourceVersionDate "2022.10.05"]
[SourceQuality "1"]

1. e4 e5 2. Nf3 Nc6 3. d4 exd4 4. Bc4 Nf6 5. e5 d5 6. Bb5 Ne4 7. Nxd4 Bc5 8. Be3 0-0 9. Nxc6 bxc6 10. Bxc5 Nxc5 11. Bxc6 Rb8 12. 0-0 Ba6 13. Re1 Rxb2 14. Qd4 Rxc2 15. Na3 Ne6 16. Qa4 Rxc6 17. Qxc6 Bd3 18. Qc1 Qh4 19. Qe3 Ba6 20. Qxa7 Qa4 21. Qe3 Nf4 22. Rad1 Rd8 23. Rd4 Qa5 24. Rxf4 d4 25. Rd1 d3 26. Nc4 Qxa2 27. Rd4 Rxd4 28. Qxd4 g6 29. Nd2 Qc2 30. Qa1 c5 31. Nf1 Bb5 32. Qb1 Ba4 33. Qxc2 Bxc2 34. Rc1 c4 35. Ne3 c3 36. Nxc2 dxc2 37. Rxc2 Kf8 38. Rxc3 Ke7 39. Kf1 Ke6 40. Rc7 Kxe5 41. Rxf7 h6 42. Ke2 Ke6 43. Rf3 g5 44. Rh3 Kf5 45. Rxh6 g4 46. h3 gxh3 47. Rxh3 Kf4 48. Ra3 Kg4 49. Ra4+ Kf5 50. g4+ Kg5 51. Kf3 Kg6 52. Ra5 Kf6 53. g5+ Kg6 54. Kg4 Kg7 55. Ra6 Kf7 56. g6+ Kg7 57. Kg5 Kg8 58. Kf6 Kh8 59. Ra8# 1-0